000 00624cam a2200241 4500
001 J1958
008 090401t1993 xxu||||| |||| 00| 0 eng d
035 _a(Sirsi) u46471
041 _aeng
050 _a913.031
100 _aBluer, Richard
245 _aArchaeology and development.
260 _aAscot, Berks.
_bChartered Institute of Building
_c1993
300 _a12p. : ill. ; 30cm.
350 _a0
490 _aConstruction Papers
_v28
650 _aLONDON
650 _aMUSEUM OF LONDON
690 _aCONSERVATION
710 _aChartered Institute of Building
_92134
942 _n0
948 _c04/03/1997
999 _c91927
_d91927